Understanding the factors affecting flashover of a fire in modern buildings (Record no. 115990)

MARC details
000 -LEADER
fixed length control field 01330cam a22002535a 4500
001 - CONTROL NUMBER
control field L159550
008 - FIXED-LENGTH DATA ELEMENTS--GENERAL INFORMATION
fixed length control field 110516s2017 xxko f 000 0 eng d
020 ## - INTERNATIONAL STANDARD BOOK NUMBER
International Standard Book Number 9781848064683
035 ## - SYSTEM CONTROL NUMBER
System control number (Sirsi) u159550
041 0# - LANGUAGE CODE
Language code of text/sound track or separate title eng
050 04 - LIBRARY OF CONGRESS CALL NUMBER
Classification number 693.82 $2 18
100 1# - MAIN ENTRY--PERSONAL NAME
Personal name Chitty, Richard
245 03 - TITLE STATEMENT
Title Understanding the factors affecting flashover of a fire in modern buildings
260 ## - PUBLICATION, DISTRIBUTION, ETC.
Place of publication, distribution, etc. Watford
Name of publisher, distributor, etc. BRE
Date of publication, distribution, etc. 2017
300 ## - PHYSICAL DESCRIPTION
Extent 12p.
Other physical details ill.
Dimensions 30cm.
490 #0 - SERIES STATEMENT
Series statement BRE Information Paper
Volume/sequential designation (2/17)
520 ## - SUMMARY, ETC.
Summary, etc. Provides an outline of the process of flashover and the factors that influence its occurrence and development. Theoretical and experimental investigations involving flashover have been ongoing since the 1950s, initially using small enclosures and scale models to identify the basic mechanisms in the context of domestic buildings, cellular offices and similar sized enclosures using wall linings and building contents typical of the day. While this work is still relevant today for similar enclosures, different mechanisms may be involved, or become dominant, especially in very large and/or highly insulated spaces encountered in modern buildings.
521 ## - TARGET AUDIENCE NOTE
Target audience note Advanced
590 ## - LOCAL NOTE (RLIN)
Local note KA
650 24 - SUBJECT ADDED ENTRY--TOPICAL TERM
Topical term or geographic name entry element FIRE ENGINEERING
651 #4 - SUBJECT ADDED ENTRY--GEOGRAPHIC NAME
Geographic name United Kingdom
Chronological subdivision
690 ## - LOCAL SUBJECT ADDED ENTRY--TOPICAL TERM (OCLC, RLIN)
Topical term or geographic name as entry element MANAGEMENT-HEALTH AND SAFETY-FIRE SAFETY
942 ## - ADDED ENTRY ELEMENTS (KOHA)
Suppress in OPAC 0
Holdings
Withdrawn status Lost status Source of classification or shelving scheme Damaged status Not for loan Home library Current library Shelving location Date acquired Total Checkouts Full call number Barcode Date last seen Copy number Price effective from Koha item type
    Dewey Decimal Classification     London London BRE publications 31/08/2017   ENQUIRY DESK 30078578 06/08/2019 1 06/08/2019 Book